000 00256nam a2200109Ia 4500
008 220204s9999 xx 000 0 und d
082 _a82-3
_bWOD
100 _aWodehouse, P G
245 2 _aA Damsel in distress
260 _aLondon
_bStar
_c1975
942 _cBK
999 _c35813
_d35813